Dohody o štipendiách.
Rôzne názory na právnu povahu štipendijných dohôd. Posudzovanie nárokov, ktoré môže klásť organizácia na pracovníka podľa vyhlášky č.116/1980 Zb. Riešenie rozdielov vo vynaložených nákladoch medzi jednotlivými druhmi štúdia.
Salvato in:
| Autore principale: | |
|---|---|
| Natura: | Capitolo di libro |
| Lingua: | slovacco |
| Soggetti: | |
| Tags: |
Nessun Tag, puoi essere il primo ad aggiungerne!!
|
MARC
| LEADER | 00000naa a2200000 4500 | ||
|---|---|---|---|
| 001 | r001670 | ||
| 005 | 20220909073942.0 | ||
| 041 | 0 | |a slo | |
| 044 | |a [CS] | ||
| 245 | 1 | 0 | |a Dohody o štipendiách. |c J. Vaško |
| 520 | |a Rôzne názory na právnu povahu štipendijných dohôd. Posudzovanie nárokov, ktoré môže klásť organizácia na pracovníka podľa vyhlášky č.116/1980 Zb. Riešenie rozdielov vo vynaložených nákladoch medzi jednotlivými druhmi štúdia. | ||
| 610 | 2 | 0 | |a štipendiá |
| 610 | 2 | 0 | |a podnik |
| 610 | 2 | 0 | |a vzťahy pracovnoprávne |
| 610 | 2 | 0 | |a dohody pracovné |
| 610 | 2 | 0 | |a študenti |
| 610 | 2 | 0 | |a vyhlášky |
| 610 | 2 | 0 | |a Slovensko |
| 100 | 1 | |a Vaško, J. | |